000 01326cam a2200265 4500
001 ABS66742
008 111208n2003 000 0 eng u
035 _a(Sirsi) u122373
245 _aCinderella Rockerfellas Ltd v Rudd
260 _c2003
490 _aRating Appeals
_v[2003] RA 113-132(12)
520 _a[2003] EWCA Civ 529, 11 April 2003. Appeal by the operator and owner appellant (C) of a nightclub on a former ferry from the decision of the LT that the vessel and the adjoining land were rateable under the Local Government Finance Act 1988. The vessel was moored on the River Tyne in Gateshead. The LT's decision was based upon the findings that the vessel was stationary and that C's occupation of it had the same degree of permanence and exclusiveness as a nightclub built on dry land. "Held", the appeal was dismissed.
590 _aABS
650 _aFLOATING STRUCTURES
650 _aCINDERELLA ROCKERFELLAS LTD V RUDD (VO)
650 _aLANDS TRIBUNAL
650 _aOCCUPATION OF LAND
650 _aRATEABILITY
650 _aMOORINGS
650 _aNIGHTCLUBS
650 _aLOCAL GOVERNMENT FINANCE ACT 1988
690 _aRATING AND LOCAL TAXATION-CASE LAW
856 _uhttps://www.bailii.org/ew/cases/EWCA/Civ/2003/529.html
_zView the judgment free of charge at www.bailii.org
942 _n0
999 _c72730
_d72730